<?xml version="1.0" encoding="UTF-8"?>
<collection xmlns="http://www.loc.gov/MARC21/slim">
<record>
  <controlfield tag="001">151594</controlfield>
  <controlfield tag="005">20251017144607.0</controlfield>
  <datafield tag="024" ind1="8" ind2=" ">
    <subfield code="2">sideral</subfield>
    <subfield code="a">143196</subfield>
  </datafield>
  <datafield tag="037" ind1=" " ind2=" ">
    <subfield code="a">ART-2025-143196</subfield>
  </datafield>
  <datafield tag="041" ind1=" " ind2=" ">
    <subfield code="a">spa</subfield>
  </datafield>
  <datafield tag="100" ind1=" " ind2=" ">
    <subfield code="a">Menéndez Conca, Lucas Gabriel</subfield>
    <subfield code="u">Universidad de Zaragoza</subfield>
    <subfield code="0">(orcid)0000-0001-8562-1487</subfield>
  </datafield>
  <datafield tag="245" ind1=" " ind2=" ">
    <subfield code="a">¿Es sancionable penalmente en España la adquisición o la posesión de una muñeca sexual infantil conforme a lo dispuesto en el art. 189 CP?</subfield>
  </datafield>
  <datafield tag="260" ind1=" " ind2=" ">
    <subfield code="c">2025</subfield>
  </datafield>
  <datafield tag="520" ind1="3" ind2=" ">
    <subfield code="a">En algunos países se ha decidido sancionar penalmente la adquisición y la posesión de muñecas sexuales infantiles porque se estima que su utilización fomenta los abusos sexuales a menores. En cambio, en España no se hace alusión a las muñecas sexuales infantiles en la regulación de los delitos de pornografía infantil. Aun así, cabe preguntarse si las muñecas sexuales infantiles pueden considerarse pornografía infantil virtual con arreglo a lo dispuesto en la letra d) del último inciso del art. 189.1 CP y, por tanto, si se podría condenar en nuestro país a una persona que adquiera o posea estos productos.</subfield>
  </datafield>
  <datafield tag="540" ind1=" " ind2=" ">
    <subfield code="9">info:eu-repo/semantics/closedAccess</subfield>
    <subfield code="a">All rights reserved</subfield>
    <subfield code="u">http://www.europeana.eu/rights/rr-f/</subfield>
  </datafield>
  <datafield tag="655" ind1=" " ind2="4">
    <subfield code="a">info:eu-repo/semantics/article</subfield>
    <subfield code="v">info:eu-repo/semantics/publishedVersion</subfield>
  </datafield>
  <datafield tag="710" ind1="2" ind2=" ">
    <subfield code="1">4010</subfield>
    <subfield code="2">170</subfield>
    <subfield code="a">Universidad de Zaragoza</subfield>
    <subfield code="b">Dpto. Dcho.Pe.,Filos.D.e Hª D.</subfield>
    <subfield code="c">Área Derecho Penal</subfield>
  </datafield>
  <datafield tag="773" ind1=" " ind2=" ">
    <subfield code="g">10682 (2025), [13 pp.]</subfield>
    <subfield code="p">Ley (Madr., 1980, Ed. d.)</subfield>
    <subfield code="t">La Ley (Madrid. 1980. Ed. diaria)</subfield>
    <subfield code="x">1138-9907</subfield>
  </datafield>
  <datafield tag="856" ind1="4" ind2=" ">
    <subfield code="s">187505</subfield>
    <subfield code="u">http://zaguan.unizar.es/record/151594/files/texto_completo.pdf</subfield>
    <subfield code="y">Versión publicada</subfield>
  </datafield>
  <datafield tag="856" ind1="4" ind2=" ">
    <subfield code="s">2528772</subfield>
    <subfield code="u">http://zaguan.unizar.es/record/151594/files/texto_completo.jpg?subformat=icon</subfield>
    <subfield code="x">icon</subfield>
    <subfield code="y">Versión publicada</subfield>
  </datafield>
  <datafield tag="909" ind1="C" ind2="O">
    <subfield code="o">oai:zaguan.unizar.es:151594</subfield>
    <subfield code="p">articulos</subfield>
    <subfield code="p">driver</subfield>
  </datafield>
  <datafield tag="951" ind1=" " ind2=" ">
    <subfield code="a">2025-10-17-14:15:55</subfield>
  </datafield>
  <datafield tag="980" ind1=" " ind2=" ">
    <subfield code="a">ARTICLE</subfield>
  </datafield>
</record>
</collection>